000 00193 a2200109 4500
020 _a9788479710866
041 _aspa
100 _aAnonimo
245 _aPocahontas
942 _cBK
952 _71
999 _c21887
_d21887